| 000 | 00721nam a2200241 i 4500 | ||
|---|---|---|---|
| 003 | DO-SdBNP | ||
| 005 | 20230717154209.0 | ||
| 007 | ta | ||
| 008 | 230717b2023 xxua|||| |||| 00| 0 spa d | ||
| 020 | _a9789945937169 | ||
| 040 |
_aDO-SdBNP _bspa _cBNPHU _erda |
||
| 082 | 4 | _222 | |
| 100 |
_aDíaz Blanco, Rita, _978109 _eautor |
||
| 245 | 1 | 0 |
_aAlejo y el cataleyo mágico / _cRita Díaz Blanco |
| 264 | 1 |
_aEstados Unidoa : _bInstituto Linguítico Dominicano, _c2023. |
|
| 300 |
_a27 páginas : _bilustraciones ; _c2023. |
||
| 336 |
_2rdacontent _atexto _btxt |
||
| 337 |
_2rdamedia _asin mediación _bn |
||
| 338 |
_2rdacarrier _avolumen _bnc |
||
| 590 | _aInventariado, 2023/BT | ||
| 910 | _aBtavárez | ||
| 942 |
_2ddc _cLF2 |
||
| 999 |
_c54188 _d54188 |
||